| Tag |
First Indicator |
Second Indicator |
Subfields |
| LEADER |
00000pam a2200000 a 4500 |
| 001 |
in00000084931 |
| 005 |
20151008054425.0 |
| 008 |
810701s1982 nyu 00110 eng |
| 010 |
|
|
|a 81011406
|
| 020 |
|
|
|a 0471080837
|
| 035 |
|
|
|a (OCoLC)07597450
|
| 035 |
|
|
|9 AAJ0615AM
|
| 039 |
0 |
|
|a 2
|b 3
|c 3
|d 3
|e 3
|
| 040 |
|
|
|a DLC
|c DLC
|d TXA
|d UtOrBLW
|
| 043 |
|
|
|a n-us---
|
| 049 |
|
|
|a TXAM
|c [1560998]
|
| 050 |
0 |
0 |
|a KF665
|b .W27
|
| 082 |
0 |
|
|a 346.7304/36
|a 347.306436
|2 19
|
| 100 |
1 |
|
|a Walters, David W.
|
| 245 |
1 |
0 |
|a Real estate exchanges /
|c David W. Walters.
|
| 264 |
|
1 |
|a New York :
|b Wiley,
|c [1982]
|
| 264 |
|
4 |
|c ©1982
|
| 300 |
|
|
|a xv, 205 pages ;
|c 29 cm.
|
| 336 |
|
|
|a text
|b txt
|2 rdacontent
|
| 337 |
|
|
|a unmediated
|b n
|2 rdamedia
|
| 338 |
|
|
|a volume
|b nc
|2 rdacarrier
|
| 490 |
0 |
|
|a Real estate for professional practitioners,
|x 0190-1087
|
| 500 |
|
|
|a "A Ronald Press publication."
|
| 500 |
|
|
|a Includes indexes.
|
| 650 |
|
0 |
|a Real property, Exchange of
|z United States.
|
| 650 |
|
0 |
|a Real property and taxation
|z United States.
|
| 999 |
|
|
|a MARS
|
| 999 |
f |
f |
|s ecee2378-69c7-3129-93e5-b8f9e27ce1c6
|i e6d8c19e-21c7-3aa0-9164-216c6620b004
|t 0
|
| 952 |
f |
f |
|p ric
|a Texas A&M University
|b Rellis Campus
|c Joint Library Facility
|d Remote Storage
|t 0
|e KF665 .W27
|h Library of Congress classification
|i unmediated -- volume
|m A14806155020
|
| 998 |
f |
f |
|a KF665 .W27
|t 0
|l Remote Storage
|